Sports Quiz

Random Sports or Basketball Quiz

Jesuit New Orleans Basketball Biggest Scrub By Year Quiz Stats

 Plays Quiz not verified by Sporcle

Challenge
Share
Tweet
Score 0/29 Timer 05:00
0 Plays Today
Hint Answer % Correct
1991Will Landrieu
100%
1995Patrick Schwing
100%
1998Patrick Schwing
100%
1999Patrick Schwing
100%
2001Patrick Schwing
100%
2002Patrick Schwing
100%
2007Patrick Schwing
100%
2009Patrick Schwing
100%
2010Patrick Schwing
100%
2012Patrick Schwing
100%
2017Patrick Schwing
100%
1990Patrick Schwing
100%
1989Patrick Schwing
100%
1996Chris Beebe
100%
1992Will Hillery
92.3%
Hint Answer % Correct
2004Riley Conroy
92.3%
2005Hunt Conroy
92.3%
2014Mikey LaForge
92.3%
2015Rob Weiss
92.3%
1993Ross Talbot
84.6%
2008Rob McMahon
84.6%
2006Wesley Laurendine
76.9%
2003Colin Kullivan
69.2%
2013Cameron McNulty
69.2%
2016Noah Varnado
69.2%
2000Sam Ovella
61.5%
2011Evan Duhon
61.5%
1994Freddie Washington
53.8%
1997Logan Raymond
53.8%

You're not logged in!

Compare scores with friends on all Sporcle quizzes.
Join for Free
OR
Log In

You Might Also Like...

Show Comments

Extras

Top Quizzes Today


Score Distribution

Your Account Isn't Verified!

In order to create a playlist on Sporcle, you need to verify the email address you used during registration. Go to your Sporcle Settings to finish the process.

Report this User

Report this user for behavior that violates our Community Guidelines.

Details: